000 00834nam a2200253 a 4500
003 OSt
005 20130531133955.0
008 130531s1995 sz ||||| |||| 00| 0 spa d
040 _cBiblioteca Medicina
041 _aspa
082 _aOMS 67
100 1 _aDumoulin, Jerome
_92384
245 0 0 _aGuia de analisis economico del circuito del medicamento
250 _a1° ed.
260 _aGinebra
_bOrganizacion Mundial de la Salud;
_bPrograma de Accion sobre Medicamentos Esenciales
_c1995
300 _a74 p.
653 _aPREPARACIONES FARMACEUTICAS-ECONOMIA
653 _aMEDICAMENTOS-NORMAS
653 _aMEDICAMENTOS-ECONOMIA
700 1 _aKaddar, Miloud
_92385
700 1 _aVelasquez, German
_92386
942 _2ddc
_cPH
999 _c1473
_d1473
952 _pH0012
_40
_00
_bBFM
_10
_oOMS 67
_d2013-05-31
_tEj. 1
_8NFIC
_70
_cCR
_2ddc
_yPH
_aBFM